| 000 | 00992nam a22002537a 4500 | ||
|---|---|---|---|
| 005 | 20170124103040.0 | ||
| 010 | _aA-830888 | ||
| 020 |
_c150.00 _a8171450830 |
||
| 035 | _aA-830888 | ||
| 037 | _bCen Lib/Ret | ||
| 040 |
_aDPL _bHN |
||
| 082 |
_aउ _bकुसुम |
||
| 100 |
_aकुसुम मटोरबी, एम _967004 |
||
| 245 |
_aबाबू : _cएम कुसुम मटोरबी _bउपन्यास / |
||
| 246 |
_aBabu : upanyas / _bby M. Kusum Mataurbi |
||
| 260 |
_aदिल्ली _bसन्मार्ग प्रकाशन _c1996 |
||
| 270 |
_a16, यू बी. बैंगलो रोड, जवाहर नगर _bदिल्ली _e110007 |
||
| 300 |
_a208पृ. _c21सेमी (सजिल्द) |
||
| 650 |
_aहिन्दी साहित्य _967005 |
||
| 650 |
_aउपन्यास _967006 |
||
| 650 |
_aHindi literature _967007 |
||
| 650 |
_aFiction _98901 |
||
| 942 |
_2ddc _cHN _hउ _mकुसुम |
||
| 999 |
_c116529 _d116529 |
||